Textbook of economic theory (Record no. 21030)

MARC details
000 -LEADER
fixed length control field 00297nam a2200121Ia 4500
082 ## - DEWEY DECIMAL CLASSIFICATION NUMBER
Classification number 330.101.8
Item number STO
100 ## - MAIN ENTRY--AUTHOR NAME
Personal name HAQUE, D C
245 #0 - TITLE STATEMENT
Title Textbook of economic theory
260 ## - PUBLICATION, DISTRIBUTION, ETC. (IMPRINT)
Place of publication New York
Name of publisher Wiley
Year of publication 1964
700 ## - ADDED ENTRY--PERSONAL NAME
Personal name STONIER, A W
942 ## - ADDED ENTRY ELEMENTS (KOHA)
Koha item type Books
Holdings
Withdrawn status Lost status Damaged status Not for loan Home library Current library Date acquired Full call number Accession Number Koha item type
        RRII Library RRII Library 16/12/2021 330.101.8 STO 01752 Books